| 000 | 02836nam a2200373 i 4500 | ||
|---|---|---|---|
| 001 | 000008370 | ||
| 003 | DO-SdBNP | ||
| 005 | 20240521123644.0 | ||
| 007 | ta | ||
| 008 | 090916s2006 dr r 000 j spa d | ||
| 020 | _a9993442518 | ||
| 040 |
_aDO-SdBNP _bspa _cBNPHU _erda |
||
| 082 | 4 |
_a808.83 _bP977p 2006 _222 |
|
| 245 | 0 | 0 |
_aPuente de palabras : _bcompilación de cuentos costarricenses y dominicanos / _ccompilación costarricense, Alexandra Meléndez ; nota introductoria, Magda Zavala ; compilación dominicana y nota introductoria, Avelino Stanley ; presentación, Alejandro Arvelo. |
| 264 |
_aSanto Domingo : _bDirección General de la Feria del Libro, _c2006. |
||
| 300 |
_a198 páginas ; _c23 cm. |
||
| 336 |
_2rdacontent _atexto _btxt |
||
| 337 |
_2rdamedia _asin mediación _bn |
||
| 338 |
_2rdacarrier _avolumen _bnc |
||
| 490 | 0 |
_aEdiciones Ferilibro _v89 |
|
| 505 | 0 |
_tPresentación / _rAlejandro Arvelo -- _tCosta Rica -- Cuentos, relatos y pueblos / _rMagda Zavala -- _tEl secreto / _rJulieta Pinto -- _tMetáforas / _rSamuel Rovinski -- _tSoy como un árbol / _rLara Ríos -- _tEl último que se duerma / _rFernando Durán Ayanegui -- _tHistorias de las piedras que cantan / _rAlfonso Chase Brenes -- _tLa serpiente / _rEduardo Castillo Rojas -- _tTe hemos traído el mar / _rUriel Quesada -- _tLa silla / _rRodrigo Soto -- _tEl loco que irrumpió en la piedra virgen / _rAdriana Hidalgo -- _tEl hombre que llevaba su país en un bolsillo / _rCarlos Rubio -- _tSin pena ni gloria / _rLeonardo Garnier -- _tTren interurbano / _rMagda Zavala -- _tArañitas verdes circulan por mis sienes / _rAlfonso Peña -- _tRepública Dominicana -- _tPor los trillos del cuento dominicano / _rAvelino Stanley -- _tLa mujer / _rJuan Bosch -- _tMás allá del espejo / _rVirgilio Díaz Grullón -- _tLa ventana / _rHilma Contreras -- _tEl gato / _rArmando Almánzar -- _tEl enigma / _rDiógenes Váldez -- _tEl fantasma de la calle El Conde / _rPedro Peix -- _tUna noche recibirás / _rRafael García Romero -- _tMasticar una rosa / _rÁngela Hernández -- _tSonidos del silencio / _rLuis Martín Gómez -- _tFin de mundo / _rAurora Arias -- _tLos tres soldados / _rManuel García Cartagena -- _tOlor a santidad / _rLigia Minaya -- _tEl reino sin fin / _rPedro Antonio Váldez -- _tLa segunda señal / _rNan Chevalier. |
|
| 590 | _aInventariado, 2024/VM | ||
| 650 | 4 |
_aCuentos dominicanos _vColecciones |
|
| 650 | 4 |
_aCuentos costarricenses _vColecciones |
|
| 650 | 4 |
_aEscritores latinoamericanos _vBiografías |
|
| 650 | 4 | _a | |
| 700 | 1 |
_aMeléndez, Alexandra, _ecompilación |
|
| 700 | 1 |
_aStanley, Avelino, _d1959- _ecompilación |
|
| 700 | 1 |
_aZavala, Magda _enota introductoria |
|
| 700 | 1 |
_aArvelo, Alejandro, _epresentación |
|
| 710 | 2 | _aDirección General de la Feria del Libro (República Dominicana) | |
| 910 | _aVMateo V. Control de calidad BPMSU | ||
| 942 |
_2ddc _cBK |
||
| 999 |
_c14042 _d14042 |
||